[Event "Tourn. n9025"]
[Site "www.chess-mail.com"]
[Date "2016.11.11"]
[Round "1"]
[White "Roque1"]
[Black "Cal"]
[WhiteElo "1650"]
[BlackElo "1720"]
[Result "1-0"]
[Round "1"]
1.e4 e5
2.Ng1f3 d6
3.Bf1c4 h6
4.O-O Nb8c6
5.Nb1c3 a6
6.d3 Ng8f6
7.Bc1e3 b5
8.Bc4b3 b4
9.Nc3d5 Nf6xd5
10.Bb3xd5 Bc8b7
11.c3 bxc3
12.bxc3 Nc6a5
13.Qd1a4 c6
14.Bd5b3 Qd8c7
15.Nf3h4 Ke7
16.Nh4f5 Ke8
17.d4 exd4
18.Be3xd4 Bf8e7
19.Nf5xg7 Kf8
20.Qa4a3 f6
21.Ng7e6 Kf7
22.Ne6xc7 Na5xb3
23.Qa3xb3 Kg6
24.Nc7xa8 Bb7xa8
25.f4 c5
26.Bd4e3 Ba8xe4
27.Qb3e6 d5
28.Qe6xe7 Rh8g8
29.f5 Be4xf5
30.Rf1f4 c4
31.Rf4h4 h5
32.Be3d4 Kg5
33.Qe7xf6 
1-0

[Event "Tourn. n9023"]
[Site "www.chess-mail.com"]
[Date "2016.11.11"]
[Round "1"]
[White "Panham"]
[Black "Prize640"]
[WhiteElo "2190"]
[BlackElo "2219"]
[Result "0-1"]
[Round "1"]
1.e4 c5
2.c3 b6
3.d4 Bc8b7
4.Bf1d3 g6
5.Ng1f3 Bf8g7
6.Bc1e3 d6
7.O-O Ng8f6
8.Nb1d2 Nf6d7
9.Rf1e1 Nb8c6
10.Qd1e2 O-O
11.Ra1d1 Qd8c7
12.d5 Nc6e5
13.Bd3c2 a5
14.Nf3xe5 Nd7xe5
15.f4 Bb7a6
16.c4 Ne5d7
17.b3 Ra8b8
18.Qe2g4 b5
19.Bc2d3 b4
20.Nd2f3 Ba6c8
21.f5 Nd7e5
22.Nf3xe5 Bg7xe5
23.Be3h6 Be5g7
24.Bh6xg7 Kxg7
25.Re1e3 f6
26.Re3h3 Rf8h8
27.Qg4f4 g5
28.Qf4g4 Bc8d7
29.Qg4h5 Bd7e8
30.Qh5h6 Kg8
31.e5 dxe5
32.d6 Qc7xd6
33.Bd3e2 Qd6c7
34.Be2f3 Rb8d8
35.Bf3d5 Be8f7
36.Rh3d3 Bf7xd5
37.Rd3xd5 Rd8xd5
38.Rd1xd5 Qc7c8
39.Qh6h3 h5
40.Qh3d3 Kf7
41.Rd5d7 Qc8c6
42.Qd3d5 Qc6xd5
43.Rd7xd5 Rh8c8
44.Kf2 Rc8c7
45.Ke3 e6
46.fxe6 Kxe6
47.Rd5d8 Rc7a7
48.Rd8h8 h4
49.Rh8c8 a4
50.Rc8xc5 axb3
51.axb3 Ra7a3
52.Rc5c6 Kf5
53.Rc6b6 Ra3xb3
54.Kd2 e4
55.Kc2 Rb3c3
{ resign }
0-1

[Event "Tourn. n8991"]
[Site "www.chess-mail.com"]
[Date "2016.11.11"]
[Round "1"]
[White "Xkafi"]
[Black "Francesco"]
[WhiteElo "1950"]
[BlackElo "1980"]
[Result "1-0"]
[Round "1"]
1.e4 e5
2.Bf1c4 Ng8f6
3.d3 Bf8c5
4.h3 O-O
5.g4 d6
6.Bc1g5 h6
7.Bg5h4 Nb8d7
8.Nb1c3 Nd7b6
9.Bc4b3 a6
10.Nc3d5 Nb6xd5
11.Bb3xd5 g5
12.Bh4g3 Nf6xd5
13.exd5 f5
14.gxf5 Rf8xf5
15.Qd1h5 Qd8f8
16.Rh1h2 Bc8d7
17.Rh2g2 Kh7
18.h4 Qf8f6
19.Ng1h3 g4
20.Qh5xg4 Ra8g8
21.Qg4e4 Rg8xg3
22.Rg2xg3 Kh8
23.O-O-O Bc5xf2
24.Rg3g2 Bf2d4
25.c3 Bd4b6
26.Qe4g4 Bb6e3
27.Kc2 Qf6f7
28.Qg4e4 Be3b6
29.Rd1e1 c6
30.Qe4b4 Qf7xd5
31.Rg2e2 Rf5h5
32.Qb4xb6 Bd7xh3
33.Qb6d8 Kh7
34.Qd8e7 Kh8
35.Qe7f6 Kh7
36.Re1g1 { resign }
1-0

[Event "Tourn. n9051"]
[Site "www.chess-mail.com"]
[Date "2016.11.11"]
[Round "1"]
[White "Panham"]
[Black "Libiesse"]
[WhiteElo "2200"]
[BlackElo "2060"]
[Result "1-0"]
[Round "1"]
1.e4 c5
2.c3 e6
3.d4 d5
4.e5 cxd4
5.cxd4 Nb8c6
6.Ng1f3 a6
7.Bf1d3 Ng8e7
8.Bc1g5 Qd8b6
9.b3 h6
10.Bg5f4 Ne7g6
11.Bf4c1 Bf8b4
12.Ke2 Nc6xd4
13.Nf3xd4 Ng6xe5
14.Nd4f3 Ne5xf3
15.gxf3 Bc8d7
16.Bc1e3 Qb6d6
17.a3 Qd6e5
18.Nb1d2 d4
19.Nd2c4 { resign }
1-0

[Event "Tourn. n9029"]
[Site "www.chess-mail.com"]
[Date "2016.11.11"]
[Round "1"]
[White "Albertf"]
[Black "Falcoale"]
[WhiteElo "1880"]
[BlackElo "1730"]
[Result "0-1"]
[Round "1"]
1.e4 c5
2.Ng1f3 e6
3.d4 cxd4
4.Nf3xd4 Ng8f6
5.Bc1g5 h6
6.Bg5xf6 Qd8xf6
7.Nd4b5 Qf6d8
8.Nb1c3 d6
9.Qd1d2 a6
10.Nb5d4 Nb8c6
11.Nd4xc6 bxc6
12.O-O-O Bf8e7
13.g3 O-O
14.Bf1g2 Bc8b7
15.Nc3e2 Qd8b6
16.b3 Rf8d8
17.Qd2d4 c5
18.Qd4d3 Qb6a5
19.a4 Qa5b4
20.Qd3c3 Ra8c8
21.Rd1d2 Qb4xc3
22.Ne2xc3 Be7f6
23.Nc3e2 c4
24.bxc4 Rc8xc4
25.Rh1d1 Rc4xa4
26.Rd2xd6 Ra4a1
{ resign }
0-1

[Event "Tourn. n9051"]
[Site "www.chess-mail.com"]
[Date "2016.11.11"]
[Round "1"]
[White "Libiesse"]
[Black "Norlavuaram"]
[WhiteElo "2060"]
[BlackElo "2240"]
[Result "1-0"]
[Round "1"]
1.d4 Ng8f6
2.c4 e6
3.Ng1f3 c5
4.Nb1c3 g6
5.d5 exd5
6.cxd5 d6
7.Nf3d2 Bf8g7
8.e4 O-O
9.Bf1c4 a6
10.a4 Rf8e8
11.O-O Nb8d7
12.f4 Nd7f8
13.Qd1c2 Nf6g4
14.Qc2d3 Qd8h4
15.Nd2f3 Bg7d4
16.Kh1 Ng4f2
17.Rf1xf2 Qh4xf2
18.Nc3d1 { resign }
1-0

[Event "Tourn. n8940"]
[Site "www.chess-mail.com"]
[Date "2016.11.11"]
[Round "1"]
[White "Orhany24"]
[Black "Numanoid"]
[WhiteElo "2220"]
[BlackElo "2280"]
[Result "0-1"]
[Round "1"]
1.e4 e6
2.d4 d5
3.exd5 exd5
4.Ng1f3 Nb8c6
5.Bf1d3 Bf8d6
6.O-O Ng8e7
7.h3 O-O
8.c4 dxc4
9.Bd3xc4 Bc8f5
10.Nb1c3 Qd8d7
11.Nf3g5 Bf5g6
12.Nc3e4 Nc6xd4
13.Ne4xd6 Qd7xd6
14.Bc1e3 Ne7f5
15.Be3xd4 Qd6xd4
16.Qd1b3 Nf5d6
17.Ra1c1 Qd4f4
18.Ng5f3 Bg6e4
19.Bc4e2 Be4c6
20.Rf1e1 Rf8e8
21.Nf3h2 Nd6e4
22.Be2f3 Ne4d2
23.Qb3c3 Nd2xf3
24.Nh2xf3 Bc6xf3
25.Qc3xf3 Qf4xf3
26.gxf3 Re8xe1
27.Rc1xe1 Kf8
28.Kg2 Ra8d8
29.Re1c1 c6
30.Rc1c2 Rd8d5
31.f4 Ke7
32.Kf3 a5
33.a3 Kd7
{ resign }
0-1

[Event "Tourn. n8943"]
[Site "www.chess-mail.com"]
[Date "2016.11.11"]
[Round "1"]
[White "Bojan"]
[Black "Andychesston"]
[WhiteElo "1890"]
[BlackElo "1950"]
[Result "1-0"]
[Round "1"]
1.e4 e5
2.Bf1c4 Nb8c6
3.Ng1f3 d6
4.d4 Bc8g4
5.Qd1d3 Bg4xf3
6.Qd3xf3 Ng8f6
7.d5 Nc6d4
8.Qf3d3 Bf8e7
9.c3 Nd4c6
10.dxc6 bxc6
11.Qd3c2 O-O
12.Bc1e3 d5
13.Bc4d3 Nf6g4
14.Be3d2 g6
15.h3 Ng4f6
16.f3 Nf6h5
17.Bd2e3 Nh5g3
18.Rh1g1 f5
19.exf5 Ng3xf5
20.Be3f2 Qd8d7
21.g4 Nf5h4
22.Bd3e2 Nh4xf3
23.Be2xf3 Rf8xf3
24.Rg1g3 e4
25.Rg3xf3 exf3
26.Qc2d3 Ra8f8
27.Nb1d2 Qd7e6
28.Kd1 Qe6f6
29.Kc2 a5
30.Ra1f1 a4
31.Bf2g3 f2
32.Rf1xf2 Qf6g7
33.Rf2xf8 Be7xf8
34.Qd3a6 c5
35.Qa6xa4 Qg7e7
36.Qa4c6 Qe7e3
37.Qc6xd5 Kg7
38.Qd5e5 Qe3xe5
39.Bg3xe5 Kh6
40.Be5xc7 Kg5
41.Bc7g3 Kf6
42.Nd2e4 Ke6
43.Kd3 Kd5
44.Ne4f6 Kc6
45.Nf6xh7 Bf8e7
46.Kc4 g5
47.Bg3e5 Kd7
48.Be5f6 { resign }
1-0

[Event "Tourn. n8985"]
[Site "www.chess-mail.com"]
[Date "2016.11.11"]
[Round "1"]
[White "Comrade"]
[Black "Amaya"]
[WhiteElo "2220"]
[BlackElo "2090"]
[Result "1-0"]
[Round "1"]
1.c4 Ng8f6
2.Nb1c3 g6
3.d4 Bf8g7
4.e4 d6
5.Ng1f3 O-O
6.Bf1e2 Nb8d7
7.Bc1e3 e5
8.dxe5 dxe5
9.Qd1c2 Nf6g4
10.Be3d2 c6
11.h3 Qd8b6
12.hxg4 Nd7f6
13.Nf3xe5 Rf8e8
14.Ne5d3 Nf6xg4
15.Be2xg4 Bg7xc3
16.Qc2xc3 Bc8xg4
17.Bd2e3 Re8xe4
18.Kd2 Re4xe3
19.fxe3 Ra8d8
20.Rh1h4 h5
21.Ra1h1 Qb6c7
22.Rh4xg4 Kf8
23.Rg4e4 Qc7g3
24.Qc3h8 
1-0

[Event "Tourn. n9003"]
[Site "www.chess-mail.com"]
[Date "2016.11.11"]
[Round "1"]
[White "Prize640"]
[Black "Osopanda"]
[WhiteElo "2159"]
[BlackElo "2030"]
[Result "1-0"]
[Round "1"]
1.e4 e5
2.Bf1c4 Ng8f6
3.d3 c6
4.Ng1f3 d6
5.c3 Bc8e6
6.Bc4xe6 fxe6
7.Bc1g5 Bf8e7
8.Nb1a3 Nb8d7
9.Na3c4 O-O
10.O-O b5
11.Nc4e3 d5
12.Nf3d2 c5
13.Qd1e2 d4
14.Ne3g4 Nf6xg4
15.Bg5xe7 Qd8xe7
16.Qe2xg4 Rf8f4
17.Qg4e2 Ra8f8
18.g3 Qe7g5
19.Kh1 Rf4f6
20.a4 a6
21.axb5 axb5
22.Ra1a7 Nd7b8
23.Nd2b3 dxc3
24.bxc3 c4
25.dxc4 bxc4
26.Qe2xc4 Rf6xf2
27.Rf1xf2 Qg5d8
28.Qc4xe6 Kh8
29.Rf2xf8 Qd8xf8
30.Qe6f7 Qf8xf7
31.Ra7xf7 Kg8
32.Rf7b7 { resign }
1-0

[Event "Tourn. n9016"]
[Site "www.chess-mail.com"]
[Date "2016.11.11"]
[Round "1"]
[White "Maciekkam"]
[Black "Zeksky"]
[WhiteElo "2079"]
[BlackElo "2009"]
[Result "1-0"]
[Round "1"]
1.e4 e5
2.Ng1f3 Nb8c6
3.Bf1b5 Bf8c5
4.c3 a6
5.Bb5a4 b5
6.Ba4b3 h6
7.O-O Ng8f6
8.d4 exd4
9.cxd4 Bc5a7
10.e5 Nf6h7
11.d5 Nc6e7
12.d6 Ne7g6
13.Qd1d5 O-O
14.Qd5xa8 Ba7b6
15.Qa8e4 Rf8e8
16.Qe4xg6 Re8f8
17.Bc1xh6 { resign }
1-0

[Event "Match"]
[Site "www.echecsemail.com"]
[Date "2016.11.11"]
[Round "1"]
[White "Azulmarino"]
[Black "Sagara1977"]
[WhiteElo "1580"]
[BlackElo "1480"]
[Result "0-1"]
[Round "1"]
1.e4 e5
2.Ng1f3 Qd8f6
3.Nb1c3 c6
4.Bf1c4 b5
5.Bc4b3 Nb8a6
6.a3 b4
7.axb4 Na6xb4
8.Nc3a4 Ng8h6
9.h3 g5
10.g4 Bc8b7
11.Na4c5 Bf8xc5
12.d3 d5
13.Bc1xg5 Qf6g6
14.exd5 cxd5
15.Bb3a4 Bb7c6
16.Nf3xe5 Qg6xg5
17.Ba4xc6 Nb4xc6
18.Ne5xc6 Qg5f6
19.Qd1e2 Kf8
20.Nc6e5 Bc5xf2
21.Kd2 Qf6f4
22.Kd1 Ra8e8
23.Ne5d7 Kg7
24.Qe2d2 Bf2e3
25.Qd2c3 Be3d4
26.Qc3b4 Qf4f3
27.Kc1 Qf3xh1
28.Kd2 Bd4e3
29.Kc3 Qh1xa1
30.g5 Qa1e1
31.Kb3 Qe1xb4
32.Kxb4 Be3xg5
{ resign }
0-1

[Event "Match"]
[Site "www.echecsemail.com"]
[Date "2016.11.11"]
[Round "1"]
[White "Billyg"]
[Black "Tutulini"]
[WhiteElo "1740"]
[BlackElo "1799"]
[Result "1-0"]
[Round "1"]
1.e4 c5
2.d4 cxd4
3.Qd1xd4 e6
4.Ng1f3 Nb8c6
5.Qd4d3 Ng8f6
6.Bc1g5 Bf8e7
7.Bg5xf6 Be7xf6
8.Nb1a3  { time }
1-0

[Event "Match"]
[Site "www.echecsemail.com"]
[Date "2016.11.11"]
[Round "1"]
[White "Azorau"]
[Black "Iko"]
[WhiteElo "2020"]
[BlackElo "1610"]
[Result "1-0"]
[Round "1"]
1.Ng1f3 Nb8c6
2.Nb1c3 d5
3.d4 Bc8g4
4.Bc1f4 Bg4xf3
5.exf3 Ng8f6
6.Nc3b5 Kd7
7.g3 e6
8.Bf1h3 a6
9.Nb5c3 Bf8b4
10.O-O Bb4xc3
11.bxc3 a5
12.Ra1b1 b6
13.Bf4g5 h6
14.Bg5f4 g5
15.Bf4e5 Nf6e8
16.Be5xh8 Ne8d6
17.Bh8g7 Qd8g8
18.Bg7e5 Qg8g6
19.Be5xd6 Kxd6
20.Rf1e1 a4
21.Re1e2 Qg6h5
22.Bh3g4 Qh5g6
23.c4 dxc4
24.a3 Ra8a5
25.Qd1e1 Nc6xd4
26.Qe1b4 Kc6
27.Qb4xc4 Kb7
28.Qc4xd4 b5
29.Qd4b4 Kb6
30.Qb4d4 c5
31.Qd4d6 Kb7
32.Qd6d7 Kb6
33.Qd7d6 Kb7
34.Qd6d7 Kb6
35.Bg4xe6 b4
36.Be6c4 f5
37.Re2e6 Qg6xe6
38.Qd7xe6 Kb7
39.Bc4d5 Kc7
40.Qe6c6 Kd8
41.Qc6b6 Kd7
42.Qb6xa5 Kd6
43.Rb1d1 bxa3
44.Bd5c4 Kc6
45.Qa5xa4 Kb6
46.Rd1d6 Kc7
47.Qa4d7 Kb8
48.Rd6b6 Ka8
49.Qd7b7 
1-0

[Event "1/16 Finale"]
[Site "www.chess-mail.com"]
[Date "2016.11.11"]
[Round "1"]
[White "Sachpat"]
[Black "Asoka"]
[WhiteElo "2480"]
[BlackElo "2710"]
[Result "1/2-1/2"]
[Round "1"]
1.e4 e5
2.Ng1f3 Nb8c6
3.Bf1b5 a6
4.Bb5a4 Ng8f6
5.O-O Bf8e7
6.Rf1e1 b5
7.Ba4b3 O-O
8.c3 d5
9.exd5 Nf6xd5
10.Nf3xe5 Nc6xe5
11.Re1xe5 c6
12.d4 Be7d6
13.Re5e1 Qd8h4
14.g3 Qh4h3
15.Qd1e2 Bc8g4
16.Qe2f1 Ra8e8
17.Re1xe8 Qh3xf1
18.Kxf1 Rf8xe8
19.Bc1d2 Bg4f5
20.a4 Bf5d3
21.Kg2 Re8b8
22.Kf3 h5
23.axb5 Rb8xb5
24.Bb3xd5 cxd5
25.b4 Rb5b6
26.Nb1a3 Bd6f8
27.Ke3 Bd3f5
28.Ke2 Rb6c6
29.f3 g5
30.Bd2e1 Bf8e7
31.Kd2 Bf5h3
32.Ke2 Rc6e6
33.Kf2 Bh3f5
34.Ra1a2 Re6c6
35.Ke2 Rc6e6
{ draw }
1/2-1/2

[Event "Tourn. n8997"]
[Site "www.chess-mail.com"]
[Date "2016.11.12"]
[Round "1"]
[White "Cal"]
[Black "Falcoale"]
[WhiteElo "1670"]
[BlackElo "1600"]
[Result "0-1"]
[Round "1"]
1.d4 Ng8f6
2.Nb1c3 b6
3.e4 e6
4.a3 Bc8b7
5.h3 Nf6xe4
6.Nc3xe4 Bb7xe4
7.Bc1e3 Bf8e7
8.Ng1e2 O-O
9.Ne2g3 Be4b7
10.Bf1d3 Bb7xg2
11.Rh1h2 Bg2b7
12.c4 d5
13.cxd5 Bb7xd5
14.b4 Nb8d7
15.Bd3e4 Nd7f6
16.Be4xd5 Nf6xd5
17.Qd1d3 Nd5xe3
18.fxe3 Be7f6
19.Ng3h5 Bf6g5
20.h4 Bg5xh4
21.Kd2 g6
22.Nh5f4 Bh4f6
23.Ra1g1 e5
24.Nf4h5 Bf6g7
25.d5 Qd8d6
26.Nh5xg7 Kxg7
27.e4 Qd6f6
28.Rh2h5 Qf6f2
29.Qd3e2 Qf2xg1
30.Kc2 gxh5
31.Qe2xh5 Qg1g6
32.Qh5xe5 f6
33.Qe5xc7 Kg8
34.d6 Ra8c8
35.Kd3 Rc8xc7
36.dxc7 Qg6g3
{ resign }
0-1

[Event "Tourn. n9034"]
[Site "www.chess-mail.com"]
[Date "2016.11.12"]
[Round "1"]
[White "Osopanda"]
[Black "Norlavuaram"]
[WhiteElo "2050"]
[BlackElo "2180"]
[Result "0-1"]
[Round "1"]
1.d4 Ng8f6
2.c4 g6
3.Nb1c3 Bf8g7
4.e4 d6
5.f4 O-O
6.Ng1f3 c5
7.d5 b5
8.cxb5 a6
9.e5 Nf6g4
10.h3 Ng4h6
11.Bf1d3 Nh6f5
12.g4 Nf5d4
13.O-O Bc8b7
14.bxa6 Nb8xa6
15.Bc1e3 Nd4xf3
16.Qd1xf3 Na6b4
17.Bd3b1 Ra8c8
18.a3 Nb4a6
19.h4 dxe5
20.f5 Na6c7
21.fxg6 fxg6
22.Qf3g3 Rf8xf1
23.Kxf1 Nc7xd5
24.Nc3xd5 Qd8xd5
25.Bb1a2 c4
26.Kf2 Rc8f8
27.Ke2 Qd5d3
{ resign }
0-1

[Event "Tourn. n9007"]
[Site "www.chess-mail.com"]
[Date "2016.11.12"]
[Round "1"]
[White "Mao"]
[Black "Azulmarino"]
[WhiteElo "1730"]
[BlackElo "1580"]
[Result "1-0"]
[Round "1"]
1.e4 e5
2.Ng1f3 Nb8c6
3.Bf1c4 Ng8f6
4.Nf3g5 d5
5.exd5 Nf6xd5
6.Ng5xf7 Kxf7
7.Qd1f3 Ke6
8.Nb1c3 Nc6b4
9.Bc4b3 Bf8e7
10.a3 Rh8f8
11.Qf3e4 Rf8f4
12.Qe4xh7 Qd8f8
13.axb4 Rf4xf2
14.Bb3xd5 Kd7
15.Bd5f3 Rf2xf3
16.gxf3 Qf8xf3
17.Qh7d3 Qf3xd3
18.cxd3 b6
19.Nc3e4 Bc8a6
20.Ra1xa6 Be7xb4
21.Ra6a4 a5
22.b3 g6
23.Bc1a3 Bb4d6
24.Rh1f1 b5
25.Ba3xd6 cxd6
26.Ra4a1 a4
27.bxa4 b4
28.Ke2 b3
29.Rf1b1 Ra8b8
30.a5 b2
31.Ra1a2 d5
32.Ne4c3 e4
33.dxe4 d4
34.Nc3d5 g5
35.a6 Rb8c8
36.Rb1xb2 Ke6
37.a7 { resign }
1-0

[Event "Tourn. n8983"]
[Site "www.chess-mail.com"]
[Date "2016.11.12"]
[Round "1"]
[White "Cal"]
[Black "Falcoale"]
[WhiteElo "1670"]
[BlackElo "1600"]
[Result "0-1"]
[Round "1"]
1.Ng1f3 c5
2.c4 Nb8c6
3.h3 e6
4.e4 Nc6d4
5.Nf3xd4 cxd4
6.d3 e5
7.a3 Ng8f6
8.b4 b6
9.g3 Bc8b7
10.Bc1g5 h6
11.Bg5xf6 Qd8xf6
12.Qd1g4 Bf8e7
13.h4 O-O
14.Bf1g2 d6
15.O-O Bb7c8
16.Nb1d2 Bc8xg4
17.f3 Bg4h5
18.a4 Rf8c8
19.f4 Bh5e2
20.Rf1f2 Be2xd3
21.fxe5 Qf6xe5
22.Rf2f3 Bd3xc4
23.Rf3f5 Qe5xg3
24.Ra1f1 Qg3e3
25.Rf1f2 Bc4e6
26.Nd2f1 Qe3b3
27.Rf5f3 Qb3xb4
28.h5 Rc8c3
29.Rf3f4 Qb4xa4
30.e5 d5
31.Rf2d2 Be7g5
32.Rd2f2 Bg5xf4
33.Rf2xf4 Rc3c4
34.Nf1d2 Qa4d1
35.Nd2f1 d3
36.Kf2 Rc4xf4
37.Kg1 Rf4xf1
38.Bg2xf1 Be6h3
39.Kf2 Qd1c2
40.Ke3 Bh3xf1
{ resign }
0-1

[Event "Tourn. n9004"]
[Site "www.chess-mail.com"]
[Date "2016.11.12"]
[Round "1"]
[White "Wegaman"]
[Black "Attatroll"]
[WhiteElo "1890"]
[BlackElo "1930"]
[Result "0-1"]
[Round "1"]
1.d4 e5
2.dxe5 Nb8c6
3.Ng1f3 Qd8e7
4.Nb1c3 Nc6xe5
5.Nf3xe5 Qe7xe5
6.e4 Ng8f6
7.f3 Bf8b4
8.Bc1d2 O-O
9.Bf1d3 d6
10.O-O Bc8d7
11.a3 Bb4a5
12.Kh1 Bd7c6
13.b4 Ba5b6
14.Qd1e2 Bb6d4
15.Qe2e1 a5
16.Ra1b1 axb4
17.axb4 Bc6a4
18.Nc3xa4 Ra8xa4
19.f4 Qe5h5
20.Bd3e2 Qh5g6
21.Be2d1 Qg6xe4
22.Qe1xe4 Nf6xe4
23.Bd2c1 Ne4f2
24.Rf1xf2 Bd4xf2
25.c4 Ra4a8
26.Bd1f3 c6
27.Bc1b2 Ra8a2
28.Bb2a1 Rf8e8
29.Ba1c3 Ra2c2
{ resign }
0-1

[Event "Tourn. n8932"]
[Site "www.chess-mail.com"]
[Date "2016.11.12"]
[Round "1"]
[White "Osmundw"]
[Black "Aalekhine"]
[WhiteElo "1430"]
[BlackElo "1499"]
[Result "0-1"]
[Round "1"]
1.e4 e5
2.Ng1f3 Nb8c6
3.d3 Ng8f6
4.Bf1e2 Bf8e7
5.c3 O-O
6.d4 exd4
7.Nf3xd4 d6
8.Nd4f5 Bc8xf5
9.exf5 Rf8e8
10.Bc1e3 d5
11.Be2f3 h6
12.g4 Be7c5
13.b4 Bc5xe3
14.fxe3 Re8xe3
15.Kd2 Re3e8
16.Rh1e1 Re8xe1
17.Qd1xe1 Qd8e8
18.Bf3e2 Qe8e4
19.b5 Nc6e5
20.Qe1h4 Ne5c4
21.Ke1 Qe4h1
22.Be2f1 Ra8e8
23.Kd1 Qh1xf1
24.Kc2 Re8e2
25.Kd3 Qf1d1
{ resign }
0-1

[Event "Tourn. n8956"]
[Site "www.chess-mail.com"]
[Date "2016.11.12"]
[Round "1"]
[White "Kampungboy"]
[Black "Rons"]
[WhiteElo "2430"]
[BlackElo "2510"]
[Result "1-0"]
[Round "1"]
1.d4 Ng8f6
2.Nb1c3 d5
3.Bc1g5 Nb8d7
4.Qd1d3 h6
5.Bg5h4 e6
6.e4 Bf8b4
7.e5 g5
8.Bh4g3 Nf6e4
9.Ng1e2 Ne4xg3
10.hxg3 c5
11.f4 cxd4
12.Ne2xd4 Qd8a5
13.Nd4b3 Bb4xc3
14.bxc3 Qa5a3
15.c4 Qa3b4
16.Qd3d2 Qb4xd2
17.Nb3xd2 f6
18.exf6 g4
19.cxd5 exd5
20.c4 Nd7xf6
21.cxd5 Bc8f5
22.Ra1c1 h5
23.Bf1c4 Ra8d8
24.O-O Nf6xd5
25.Rf1e1 Kf8
26.Re1e5 Nd5e7
27.Rc1e1 Rh8h7
28.Nd2e4 Bf5xe4
29.Re1xe4 a6
30.Re5e6 Ke8
31.f5 Kd7
32.Re4d4 Kc7
33.Rd4xd8 Kxd8
34.f6 Ne7c8
35.Bc4d5 Rh7f7
36.Re6xa6 bxa6
37.Bd5xf7 Nc8d6
38.Bf7xh5 Nd6e4
39.Bh5xg4 Ne4xf6
40.Bg4f3 Ke7
41.Kf2 Ke6
42.g4 Nf6e8
43.Kg3 Ne8d6
44.Kf4 Kf6
45.g5 Ke6
46.Bf3e2 a5
47.Be2a6 Ke7
48.Ke5 Nd6f7
49.Kf5 Kf8
50.Kf6 Nf7d6
51.Ba6d3 Nd6e8
52.Kg6 { resign }
1-0

[Event "Tourn. n9050"]
[Site "www.chess-mail.com"]
[Date "2016.11.12"]
[Round "1"]
[White "Redabond"]
[Black "Llcervello"]
[WhiteElo "1750"]
[BlackElo "1640"]
[Result "0-1"]
[Round "1"]
1.d4 d5
2.Bc1f4 Nb8c6
3.Nb1c3 e6
4.Nc3b5 Bf8d6
5.Qd1d2 e5
6.dxe5 Bd6xe5
7.Bf4xe5 Nc6xe5
8.O-O-O c6
9.Nb5c3 Bc8e6
10.f4 Ne5c4
11.Qd2d4 f6
12.e4 Ng8e7
13.b3 Nc4a3
14.exd5 cxd5
15.Qd4a4 Qd8d7
16.Qa4xa3 O-O
17.Bf1b5 Ne7c6
18.Ng1f3 a6
19.Bb5d3 b5
20.b4 Qd7d6
21.f5 Qd6f4
22.Kb1 Be6xf5
23.Nc3xd5 Qf4g4
24.Qa3b3 Kh8
25.Rh1g1 Ra8e8
26.Rd1e1 Nc6d4
27.Nf3xd4 Qg4xd4
28.Bd3xf5 Re8e5
29.Re1xe5 Qd4xg1
30.Kb2 fxe5
31.Qb3h3 h6
32.Nd5e7 Qg1d4
33.c3 Qd4d2
34.Kb3 Qd2d1
35.Bf5c2 Qd1d6
36.Ne7f5 Qd6e6
37.Ka3 e4
38.Qh3g4 Rf8xf5
39.Bc2xe4 Qe6f6
40.Qg4g3 Rf5f4
41.Be4f3 Qf6xc3
{ resign }
0-1

[Event "Tourn. n9007"]
[Site "www.chess-mail.com"]
[Date "2016.11.12"]
[Round "1"]
[White "Falcoale"]
[Black "Mao"]
[WhiteElo "1660"]
[BlackElo "1720"]
[Result "0-1"]
[Round "1"]
1.e4 e5
2.Ng1f3 Nb8c6
3.d4 exd4
4.Nf3xd4 Bf8c5
5.c3 d6
6.Nd4xc6 bxc6
7.Bf1d3 Ng8f6
8.Bc1g5 O-O
9.O-O h6
10.Bg5e3 Bc5b6
11.Nb1a3 Bc8g4
12.f3 Bb6xe3
13.Kh1 Bg4d7
14.Na3c4 Be3b6
15.a4 a5
16.Bd3c2 Bd7e6
17.Nc4xb6 cxb6
18.Qd1e1 Be6c4
19.Rf1f2 Rf8e8
20.Qe1d2 d5
21.b3 Bc4a6
22.Qd2e3 dxe4
23.fxe4 c5
24.c4 Ba6b7
25.Ra1d1 Qd8c7
26.h3 Nf6xe4
27.Bc2xe4 Bb7xe4
28.Qe3f4 Qc7xf4
29.Rf2xf4 Be4c2
30.Rd1d6 Ra8b8
31.Rf4g4 Bc2xb3
32.Rd6xh6 Bb3xa4
33.Rg4h4 gxh6
34.Rh4xh6 Re8e6
{ resign }
0-1

[Event "Tourn. n9035"]
[Site "www.chess-mail.com"]
[Date "2016.11.12"]
[Round "1"]
[White "Roque1"]
[Black "Cal"]
[WhiteElo "1670"]
[BlackElo "1730"]
[Result "1-0"]
[Round "1"]
1.e4 e5
2.Ng1f3 d6
3.d4 exd4
4.Nf3xd4 c5
5.Nd4f3 h6
6.Nb1c3 Ng8f6
7.Bf1c4 Bc8e6
8.Bc4xe6 fxe6
9.O-O Nb8c6
10.Bc1f4 a6
11.Qd1e2 Bf8e7
12.Ra1d1 O-O
13.e5 dxe5
14.Rd1xd8 Ra8xd8
15.Bf4xe5 Nf6h5
16.Qe2c4 b5
17.Qc4xe6 Kh8
18.Qe6xh6 Kg8
19.Qh6xh5 Be7d6
20.Nf3g5 Rf8f5
21.Qh5h7 Kf8
22.Qh7xf5 Kg8
23.Qf5f7 Kh8
24.Be5xg7 
1-0

[Event "Tourn. n9033"]
[Site "www.chess-mail.com"]
[Date "2016.11.12"]
[Round "1"]
[White "Norlavuaram"]
[Black "Osopanda"]
[WhiteElo "2200"]
[BlackElo "2020"]
[Result "1-0"]
[Round "1"]
1.e4 e5
2.Ng1f3 f5
3.Nf3xe5 Ng8f6
4.Bf1c4 d5
5.exd5 Bf8d6
6.d4 O-O
7.O-O Nb8d7
8.f4 Nf6e4
9.Nb1c3 Ne4xc3
10.bxc3 Nd7f6
11.a4 Kh8
12.Bc1a3 Bd6xa3
13.Ra1xa3 Nf6xd5
14.Qd1f3 c6
15.Rf1e1 Qd8d6
16.Ra3a1 Bc8e6
17.Bc4a2 Ra8e8
18.Qf3h3 Nd5xf4
19.Qh3h4 Be6xa2
20.Ra1xa2 Re8e6
21.Qh4xf4 Qd6d5
22.c4 Qd5a5
23.Ne5f7 Kg8
24.Re1xe6 Kxf7
25.Re6e5 Qa5b4
26.Re5xf5 Kg8
27.Rf5xf8 Qb4xf8
28.Qf4xf8 Kxf8
29.Kf2 { resign }
1-0

[Event "Tourn. n8996"]
[Site "www.chess-mail.com"]
[Date "2016.11.12"]
[Round "1"]
[White "Guidom"]
[Black "Fabos12"]
[WhiteElo "2140"]
[BlackElo "2110"]
[Result "1/2-1/2"]
[Round "1"]
1.e4 e5
2.Ng1f3 Nb8c6
3.Bf1b5 Bf8c5
4.O-O d6
5.c3 Bc8e6
6.d4 exd4
7.cxd4 Bc5b4
8.d5 Be6d7
9.dxc6 bxc6
10.Bb5c4 Ng8f6
11.Bc1g5 O-O
12.e5 dxe5
13.Nf3xe5 Bd7e8
14.Qd1xd8 Ra8xd8
15.Bg5xf6 gxf6
16.Ne5g4 Rd8d6
17.a3 Bb4a5
18.b4 Ba5b6
19.Ng4h6 Kh8
20.Nb1c3 Rd6d4
21.Bc4a2 a5
22.Ra1d1 axb4
23.axb4 Rd4xb4
24.Rd1d8 Kg7
25.Nh6f5 Kg6
26.Nf5e7 Kg7
27.Ne7f5 Kg6
{ draw }
1/2-1/2

[Event "Tourn. n8958"]
[Site "www.chess-mail.com"]
[Date "2016.11.12"]
[Round "1"]
[White "Cal"]
[Black "Falcoale"]
[WhiteElo "1690"]
[BlackElo "1530"]
[Result "0-1"]
[Round "1"]
1.Nb1c3 Ng8f6
2.e4 e5
3.a3 b6
4.b4 Bc8b7
5.d3 Bf8e7
6.h3 O-O
7.Bc1g5 h6
8.Bg5xf6 Be7xf6
9.Ng1f3 c6
10.Bf1e2 d5
11.exd5 cxd5
12.Nf3h2 d4
13.Nc3b5 a6
14.Nb5xd4 exd4
15.O-O Rf8e8
16.Nh2g4 Bf6e7
17.Ng4e5 Be7xb4
18.axb4 Re8xe5
19.Be2f3 Qd8e7
20.Bf3xb7 Qe7xb7
21.f4 Re5e6
22.Qd1g4 Re6g6
23.Qg4f3 Qb7xf3
24.Rf1xf3 b5
25.f5 Rg6f6
26.g4 Nb8c6
27.h4 Nc6xb4
28.Ra1c1 Ra8c8
29.g5 hxg5
30.hxg5 Rf6c6
31.f6 gxf6
32.gxf6 Rc6xc2
33.Rc1xc2 Rc8xc2
34.Rf3g3 Kh7
35.Rg3g7 Kh6
36.Rg7g3 Rc2d2
37.Kf1 Rd2xd3
38.Rg3g7 Rd3f3
39.Ke2 Rf3xf6
40.Rg7g8 Nb4c6
41.Rg8a8 a5
42.Kd3 Kg7
43.Ra8c8 b4
44.Kc4 Rf6e6
45.Kd5 d3
46.Kc4 d2
47.Kb5 d1Q
48.Rc8xc6 Qd1d5
49.Rc6c5 Qd5xc5
50.Ka4 Qc5c2
51.Kxa5 b3
{ resign }
0-1

[Event "Match"]
[Site "www.echecsemail.com"]
[Date "2016.11.12"]
[Round "1"]
[White "Cal"]
[Black "Jjmcbride"]
[WhiteElo "1680"]
[BlackElo "1350"]
[Result "0-1"]
[Round "1"]
1.e4 e5
2.a3 a6
3.Nb1c3 Ng8f6
4.h3 d5
5.exd5 Nf6xd5
6.d3 Nd5xc3
7.bxc3 e4
8.d4 c5
9.d5 Nb8d7
10.Bc1e3 b5
11.Bf1e2 Nd7f6
12.Qd1d2 Nf6xd5
13.Be2d1 Bf8d6
14.Ng1e2 Bc8b7
15.O-O h6
16.Kh1 Qd8h4
17.Ne2g3 Bd6xg3
18.fxg3 Qh4xg3
19.Be3xc5 Ra8c8
20.Qd2d4 Nd5f4
21.Qd4e5 Nf4e6
22.Qe5f5 Rc8c7
23.Bc5b6 Rc7d7
24.Bd1e2 O-O
25.Bb6f2 Qg3xc3
26.Be2h5 Rd7d5
27.Bf2h4 Rd5xf5
28.Rf1xf5 Qc3xa1
29.Kh2 g6
30.Bh4f6 Qa1xa3
31.Rf5e5 gxh5
32.Re5xh5 Qa3e3
33.Rh5h4 Kh7
34.Bf6e5 Qe3g5
35.Rh4g4 Qg5xe5
36.g3 f5
37.Rg4xe4 Qe5xe4
{ resign }
0-1

[Event "Match"]
[Site "www.echecsemail.com"]
[Date "2016.11.12"]
[Round "1"]
[White "Liencam2"]
[Black "Jaguar91"]
[WhiteElo "2350"]
[BlackElo "2210"]
[Result "0-1"]
[Round "1"]
1.e4 e6
2.Qd1e2 Bf8e7
3.Ng1f3 d5
4.d3 c5
5.g3 Ng8f6
6.Bf1g2 Nb8c6
7.O-O O-O
8.e5 Nf6d7
9.c4 f6
10.exf6 Nd7xf6
11.Nb1c3 h6
12.Nf3h4 Nc6d4
13.Qe2d1 Kh7
14.Bc1e3 b6
15.cxd5 exd5
16.Be3xd4 cxd4
17.Nc3e2 Nf6g4
18.Nh4f3 Be7c5
19.h3 Qd8e7
20.Ne2xd4 h5
21.hxg4 hxg4
22.Nd4c6 Qe7f6
23.Nf3e5 Bc5xf2
24.Rf1xf2 Qf6xf2
25.Kh1 Rf8f5
26.Qd1xg4 Rf5f6
27.Ra1f1 Rf6h6
28.Qg4h3 Rh6xh3
{ resign }
0-1

[Event "1/128 Finale"]
[Site "www.chess-mail.com"]
[Date "2016.11.12"]
[Round "1"]
[White "Bevittsmith"]
[Black "Attatroll"]
[WhiteElo "2270"]
[BlackElo "1930"]
[Result "1-0"]
[Round "1"]
1.e4 d6
2.d4 Ng8f6
3.Nb1c3 g6
4.f4 Bf8g7
5.Ng1f3 c5
6.Bf1b5 Bc8d7
7.e5 Nf6g4
8.h3 Ng4h6
9.dxc5 Bd7xb5
10.Nc3xb5 Qd8a5
11.Nb5c3 dxc5
12.Bc1d2 O-O
13.Nc3e4 Qa5b6
14.Bd2c3 Nb8c6
15.O-O Rf8d8
16.Qd1e2 Nh6f5
17.Ra1d1 Nc6d4
18.Qe2f2 Ra8c8
19.Rf1e1 Nd4xc2
20.Qf2xc2 c4
21.Qc2f2 Rd8xd1
22.Re1xd1 Qb6xf2
23.Kxf2 Bg7f8
24.Rd1d7 Rc8b8
25.g4 Nf5g7
26.Bc3b4 Ng7e6
27.Bb4xe7 Bf8xe7
28.Rd7xe7 Ne6xf4
29.Ne4f6 Kf8
30.Re7c7 Rb8d8
31.Nf3g5 Rd8d2
32.Kf3 Kg7
33.Kxf4 b5
34.Rc7xf7 Kh6
35.Rf7xh7 
1-0